What is meant by "causing" water pollution. (Record no. 60410)

MARC details
000 -LEADER
fixed length control field 00721cam a2200193 4500
001 - CONTROL NUMBER
control field ABS60760
008 - FIXED-LENGTH DATA ELEMENTS--GENERAL INFORMATION
fixed length control field 000000n1999 000 0 eng u
035 ## - SYSTEM CONTROL NUMBER
System control number (Sirsi) u101257
100 ## - MAIN ENTRY--PERSONAL NAME
Personal name Cameron, H.
245 ## - TITLE STATEMENT
Title What is meant by "causing" water pollution.
260 ## - PUBLICATION, DISTRIBUTION, ETC.
Date of publication, distribution, etc. 1999
490 ## - SERIES STATEMENT
Series statement Scottish Planning and Environmental Law
Volume/sequential designation 1999 73 SPEL 58-59 (2)
520 ## - SUMMARY, ETC.
Summary, etc. Attempts to clarify confusion over the meaning of 'causing' water pollution in the case of Environment Agency v Empress Car Co. (Abertillery) Ltd, and considers previous case-law.
650 ## - SUBJECT ADDED ENTRY--TOPICAL TERM
Topical term or geographic name entry element WATER POLLUTION LAW
650 ## - SUBJECT ADDED ENTRY--TOPICAL TERM
Topical term or geographic name entry element WATER RESOURCES ACT 1991
690 ## - LOCAL SUBJECT ADDED ENTRY--TOPICAL TERM (OCLC, RLIN)
Topical term or geographic name as entry element ENVIRONMENTAL AND LAND CONSULTANCY
700 ## - ADDED ENTRY--PERSONAL NAME
Personal name Hawthorn, P.
942 ## - ADDED ENTRY ELEMENTS (KOHA)
Suppress in OPAC 0
Holdings
Withdrawn status Lost status Source of classification or shelving scheme Damaged status Not for loan Home library Current library Shelving location Date acquired Total Checkouts Full call number Barcode Date last seen Copy number Price effective from Koha item type
    Dewey Decimal Classification     London London Journal article 03/11/1999   ABS60760 101257-1001 06/08/2019 1 06/08/2019 Journal article